000 00620cam a2200193 4500500
005 20260329002430.0
041 _afre
042 _adc
100 1 0 _aDuru, Martin
_eauthor
245 0 0 _aNicolas Grimaldi : “Je ne veux plus que souffler sur les braises de la vie”
260 _c2012.
500 _a100
690 _aNicolas Grimaldi
690 _aNicolas Grimaldi.
690 _aSolitude
690 _aTemps
786 0 _nPhilosophie magazine | 61 | 7 | 2012-07-01 | p. 78-80 | 1951-1787
856 4 1 _uhttps://shs.cairn.info/magazine-philosophie-magazine-2012-7-page-78?lang=fr&redirect-ssocas=7080
999 _c1814892
_d1814892